El Caos democrático /

Guardado en:
書目詳細資料
主要作者: Torres Rivas, Edelberto
格式: Texto
主題:
標簽: 添加標簽
沒有標簽, 成為第一個標記此記錄!

MARC

LEADER 00000 a a2200000 04500
001 10533
003
040
100 |a Torres Rivas, Edelberto  
245 |a El Caos democrático /  |c Edelberto Torres Rivas 
650 |a DEMOCRACIA  
650 |a LIDERAZGO POLITICO  
650 |a ADMINISTRACION PUBLICA  
650 |a AUTORITARISMO  
650 |a SISTEMA POLITICO  
650 |a PARTICIPACION SOCIAL  
650 |a DESIGUALDAD SOCIAL  
650 |a ESTRATIFICACION SOCIAL  
650 |a CAMBIO SOCIAL  
650 |a PROBLEMAS POLITICOS  
650 |a IDEOLOGIAS POLITICAS  
650 |a CRISIS POLITICA  
650 |a ECONOMIA  
650 |a AJUSTE ESTRUCTU  
773 |g número 144; páginas 152-168  
999 |c 35393  |d 35393